| 000 | 00534nam a2200205Ia 4500 | ||
|---|---|---|---|
| 003 | GCL | ||
| 008 | 140319s9999 xx 000 0 eng d | ||
| 020 | _a1857433068 | ||
| 040 |
_aGCL / _cGCL |
||
| 082 | 0 | 4 |
_aREF _b052 _bE E |
| 100 | 1 | _aROUTLEDGE | |
| 245 | 1 | 0 |
_aTHE EUROPA WORLD YEAR BOOK 2005 / _cROUTLEDGE |
| 250 | _a46 | ||
| 260 |
_aانجلترا : _bROUTLEDGE ، _c2005 |
||
| 300 |
_a32 CM ؛ _c4859 P |
||
| 650 | 0 | 4 | _aINTERNATIONAL ORGANIZATION |
| 650 | 0 | 4 | _aYEAR BOOKS |
| 650 | 0 | 4 | _aEUROPA - YEARBOOKS |
| 942 |
_2ddc _cBK |
||
| 999 |
_c25587 _d25587 |
||